000
00425nam a2200145Ia 4500
008
100122s9999 xx 000 0 und d
082
_b
43693
_a
954.02
100
_a
जोग ब ना
245
_a
टिपू सुलतान
260
_b
आदित्य प्रकाशन
_c
1990
300
_a
146
630
_a
टिपू सुलतान
730
_a
टिपू सुलतान
942
_c
BOOK
999
_c
423706
_d
423703